El poder administrativo / (Record no. 88455)

MARC details
000 -LEADER
campo de control de longitud fija 01032nam a2200241 i 4500
001 - NÚMERO DE CONTROL
campo de control 88455
003 - IDENTIFICADOR DE NÚMERO DE CONTROL
campo de control ES-MaACL
005 - FECHA Y HORA DE LA ÚLTIMA TRANSACCIÓN
campo de control 20250827022716.0
007 - CAMPO FIJO DE DESCRIPCIÓN FÍSICA--INFORMACIÓN GENERAL
campo de control de longitud fija t|
008 - DATOS DE LONGITUD FIJA--INFORMACIÓN GENERAL
campo de control de longitud fija 050104s1951 ag ||||1| spa d
100 1# - ENTRADA PRINCIPAL--NOMBRE DE PERSONA
Nombre de persona Landis, James M.
9 (RLIN) 69958
245 13 - MENCIÓN DEL TÍTULO
Título El poder administrativo /
Mención de responsabilidad, etc. James M. Landis ; [traducción directa del inglés por Enrique E. Bledel].
260 ## - PUBLICACIÓN, DISTRIBUCIÓN, ETC.
Lugar de publicación, distribución, etc. Buenos Aires :
Nombre del editor, distribuidor, etc. De Palma,
Fecha de publicación, distribución, etc. 1951.
300 ## - DESCRIPCIÓN FÍSICA
Extensión XIII, 171 p. ;
Dimensiones 24 cm.
510 ## - NOTA DE CITAS O REFERENCIAS BIBLIOGRÁFICAS
Nombre de la fuente CCPB,
Localización dentro de la fuente 001051929-7
650 #7 - PUNTO DE ACCESO ADICIONAL DE MATERIA--TÉRMINO DE MATERIA
Término de materia o nombre geográfico como elemento de entrada Derecho administrativo
Fuente del encabezamiento o término embne
9 (RLIN) 11642
700 1# - ENTRADA AGREGADA--NOMBRE PERSONAL
Nombre de persona Bledel, Enrique E.
9 (RLIN) 29464
852 ## - LOCALIZACIÓN
Ubicación ES-MaACL
Número de control de estantería D-6372
Sublocalización o colección R.32176
-- R.M.5967
itemnumber 91695
Ubicación en estantería Sala Valle Inclán
Marcas de propiedad Sello en tinta azul de la Biblioteca del Ateneo de Madrid
-- En hoja de guarda trasera: sello en tinta azul de José Barreiro Ortiz, importador de libros
Nota libre En cubierta: "10.MAY.1952"
942 ## - ELEMENTOS DE ENTRADA SECUNDARIOS (KOHA)
Fuente del sistema de clasificación o colocación Clasificación decimal universal
Tipo de ítem Koha Libro impreso
Holdings
Estatus retirado Estado de pérdida Estado de daño No para préstamo Biblioteca de origen Biblioteca actual Ubicación en estantería Fecha de adquisición Fuente de adquisición Total de préstamos Signatura topográfica completa Código de barras Visto por última vez Precio de reemplazo Tipo de ítem Koha
        Biblioteca del Ateneo de Madrid Biblioteca del Ateneo de Madrid Sala Valle Inclán 17/01/2008     D-6372 901092399 23/02/2023 23/02/2023 Libro impreso